Akta Hakcipta 1987 (Akta 332 peraturan-peraturan & perintah-perintah

Bibliographic Details
Corporate Authors: Malaysia, Lembaga Penyelidikan Undang-Undang
Format: Book
Published: Kuala lumpur : : International Law Book Services, , 2001
Series:Undang-undang Malaysia
Subjects:

MARC

LEADER 00000cam a2200000 7i4500
001 0000003141
005 20050217.0
020 0 0 |a 9678913747 
090 0 0 |a 346.5950482   |b MAL 
110 1 0 |a Malaysia 
245 1 0 |a Akta Hakcipta 1987 (Akta 332 peraturan-peraturan & perintah-perintah   |c disusun oleh: Lembaga Penyelidikan Undang-undang 
260 0 0 |a Kuala lumpur : :   |b International Law Book Services, ,   |c 2001 
300 |a 139ms. ; ;   |c 24cm. 
440 0 0 |a Undang-undang Malaysia 
650 0 0 |a Copyright infringement   |z Malaysia 
650 0 0 |a Copyright   |z Malaysia 
710 2 1 |a Lembaga Penyelidikan Undang-Undang 
999 |a 0000005837   |b Monograph   |c Open Shelf   |e Default branch